00259nam a22001097a 4500008004100000020002200041100001600063245002800079250000900107260002500116300000800141241108b |||||||| |||| 00| 0 eng d a978-93-615-9555-4 aM.M Mahajan aIndian Economy. 3rd Ed. a3rd. aNoidabPearsonc2025 a621